Vybrané základné prostriedky rezortu školstva výskumná úloha

Uložené v:
Podrobná bibliografia
Hlavný autor: Varcholová, Tatiana
Ďalší autori: Zoborská, Antónia
Médium: Kniha
Jazyk:Slovak
Vydavateľské údaje: Bratislava Vysoká škola ekonomická 1982
Tagy: Pridať tag
Žiadne tagy, Buďte prvý, kto otaguje tento záznam!

MARC

LEADER 00000nam a2200000 4500
001 c134769
005 20250708103536.3
041 0 |a slo 
044 |a SK 
245 1 0 |a Vybrané základné prostriedky rezortu školstva  |b výskumná úloha  |c Tatiana Varcholová, Antónia Zoborská 
264 1 |a Bratislava  |b Vysoká škola ekonomická  |c 1982 
300 |a 137 s. 
100 1 |a Varcholová, Tatiana 
700 1 |a Zoborská, Antónia